Chanson française par image #4 - Statistiques

Statistiques générales
  • Ce quiz a été pris 5 079 fois
  • Le résultat moyen est 9 sur 16
Statistiques - réponses
Par images Hint Réponse % Correct
Lio Le Banana Split
86%
Vianney Dumbo
79%
Francis Cabrel Petite Marie
73%
Jenifer Au soleil
71%
Daniel Balavoine Le Chanteur
69%
Pow woW Le Chat
59%
Johnny Hallyday Le Pénitencier
58%
Grégory Lemarchal Écris l'histoire
56%
Jacques Dutronc Il est cinq heures, Paris s'éveille
52%
Claude François Si j'avais un marteau
52%
France Gall Débranche
49%
Axel Bauer Cargo
48%
Calogero Pomme C
43%
Jean-Jacques Goldman Tournent les violons
43%
Diane Tell La Légende de Jimmy
13%
Stéphan Eicher Combien de temps
9%
Aucun quiz correspondant
Distribution des résultats
% des personnes avec chaque résultat
Percentile par nombre de réponses
Votre historique - résultats
Vous n’avez pas pris ce quiz